MARC

LEADER 00000nam0a2200000 4500
001 318147
005 20231102003040.0
035 |a (RuTPU)RU\TPU\book\343628 
090 |a 318147 
100 |a 20160420d1953 km y0rusy50 ca 
101 0 |a rus 
102 |a RU 
105 |a a z 001zy 
200 1 |a Физико-химические свойства глазурей высоковольтного фарфора  |f В. П. Барзаковский, С. К. Дуброво  |g Академия наук СССР (АН СССР), Институт химии силикатов им. И. В. Гребенщикова (ИХС) 
210 |a Москва  |a Ленинград  |c Изд-во АН СССР  |d 1953 
215 |a 276 с.  |c ил. 
320 |a Библиогр.: с. 266-273 
606 1 |a Фарфор  |2 stltpush  |3 (RuTPU)RU\TPU\subj\60555  |9 77835 
610 1 |a глазури фарфоровые 
610 1 |a глазурные покрытия 
610 1 |a физические свойства 
610 1 |a химические свойства 
610 1 |a высоковольтная керамика 
610 1 |a поверхности 
610 1 |a качество 
610 1 |a химическая устойчивость 
610 1 |a микроструктура 
610 1 |a кристаллизация 
610 1 |a вязкость 
610 1 |a поверхностное натяжение 
610 1 |a объемное сопротивление 
610 1 |a механическая прочность 
675 |a 621.315.612  |v 4 
700 1 |a Барзаковский  |b В. П. 
701 1 |a Дуброво  |b С. К. 
712 0 2 |a Академия наук СССР (АН СССР)  |b Институт химии силикатов им. И. В. Гребенщикова (ИХС)  |c (Ленинград)  |2 stltpush  |3 (RuTPU)RU\TPU\col\11534 
801 1 |a RU  |b 63413507  |c 20160420 
801 2 |a RU  |b 63413507  |c 20200213  |g RCR 
942 |c BK